000
00257nam a2200109Ia 4500
008
200302s9999 xx 000 0 und d
100
_a
Andreas C. Papadakis
245
_a
Architectural Design
260
_b
Ad Editions Ltd.
260
_c
1986
300
_a
26 P.,
999
_c
2436
_d
2436